000 01043nam a2200241Ia 4500
999 _c43537
_d43537
001 10268
003 GE_BSU
005 20221128143057.0
008 181216s1982ge xx |||||||||||||| ||geo||
040 _cGE_BSU
041 _ageo
080 _a821.353.1-1 ტ-15
100 _aტაბიძე, გალაკტიონ
_916151
245 _aრჩეული : [ლექსები] /
_c გალაკტიონ ტაბიძე ; შესავალი წერილის ავტ.: გ. ასათიანი.
260 _cთბილისი :
264 _bსაბჭ.საქართველო,
_c1982.
300 _a564 გვ.:
_b20 სმ.
440 _aმსოფლიო ლიტერატურის ბიბლიოთეკა. 1-ლი სერია ; ტ. 78
_916152
653 _aრჩეული
653 _aლექსები
700 _aასათიანი, გ
_eშესავალი წერილის ავტორი
_94232
942 _cBK
_2udc